Lízing a jogszabályok tükrében
Elmentve itt :
| Szerző: | |
|---|---|
| További közreműködők: | |
| Dokumentumtípus: | Szakdolgozat |
| Megjelent: |
1999
|
| Tárgyszavak: | |
| Online Access: | http://diploma.bibl.u-szeged.hu/36699 |
| LEADER | 00518nta a2200157 i 4500 | ||
|---|---|---|---|
| 001 | dipl36699 | ||
| 005 | 20130314100209.0 | ||
| 008 | 120220s1999 hu om 0|| zxx d | ||
| 040 | |a SZTE Diploma Repozitórium |b hun | ||
| 041 | |a zxx | ||
| 100 | 1 | |a Kis Tünde | |
| 245 | 1 | 0 | |a Lízing a jogszabályok tükrében |h [elektronikus dokumentum] / |c Tünde Kis |
| 260 | |c 1999 | ||
| 650 | 4 | |a Gazdaságtudományok | |
| 700 | 1 | |a Anderle Ádám |e ths | |
| 856 | 4 | 0 | |u http://diploma.bibl.u-szeged.hu/id/eprint/36699/1/1999_kis_tunde.pdf |z Dokumentum-elérés |